LEADER 01035nam a2200265 i 4500 001 000000074044 003 CaOOAMICUS 005 20061117000000.0 008 061117s1971 it u000 u ita u 013 $a45216 040 $aSeMil$bita 100 1 $aAzeglio, Massimo : d',$d<1798-1862>.$0(OLS)http://semarc/name/6316 245 12$aI miei ricordi /$cMassimo d'Azeglio ; a cura di Alberto M. Ghisalberti. 260 $aTorino :$bGiulio Einaudi,$c1971. 300 $aLXVIII, 457 p., [13] c. di tav. ;$c22 cm. 490 0 $aI millenni 500 $aIn custodia. - Fondo Ciprandi. 700 1 $aGhisalberti, Alberto Maria <1894-1986>.$0(OLS)http://semarc/name/73579 830 2$aI millenni.$0(OLS)http://semarc/title/7877 850 $aSeMil 852 $aSeMil$W1$xVenegono$y1$m1B VI 67$j240038$B40196$CSeMilBibl$Z2$F40200 $81 941 1 $a1 961 $aOmaggio: Ciprandi dott. Paolo 996 $6245$aI miei ricordi$9(OLS)http://semarc/title/17633 996 $6260$aTorino :$bGiulio Einaudi$9(OLS)http://semarc/publisher/29810 LEADER 01497nam a2200277 i 4500 001 000000248291 003 CaOOAMICUS 005 20230818145134.0 008 160310s1758 it u000 u lat u 026 $am:m, a.es e.l, pein (3) 1758 (R) 040 $aSeMil$bita 110 2 $aDomenicani$c.$0(OLS)http://semarc/name/1069 245 10$aOfficia propria sanctorum sacri ordinis praedicatorum, ad ritum romanum accomodata, ac denuo impressa; pro monialibus S. Augustini .. 260 $aMediolani :$bIn Regia Curia, apud Josephum Richinum Malatestam,$c1758. 300 $a334, [10] p. ;$c4°. 500 $aFregio xilogr. sul front. 500 $aSegn.: A-V8 X10 Y4 650 4$aLibri liturgici - Messale romano - Proprio dei Santi.$0(OLS)http://semarc/subject/1817 650 4$aDomenicani - Breviari, messali, processionali, collettari, etc.$0(OLS)http://semarc/subject/817 650 4$aDomenicani - Liturgia.$0(OLS)http://semarc/subject/42805 700 1 $aMalatesta, Giuseppe Richino,$c.$0(OLS)http://semarc/name/15115 850 $aSeMil 852 $aSeMil$W1$xVenegono$y1$m3K II 100 FA$j209786$B223391$CSeMilBibl$Z2$F223391 $8I 996 $6245$aOfficia propria sanctorum sacri ordinis praedicatorum, ad ritum romanum accomodata, ac denuo impressa; pro monialibus S. Augustini ..$9(OLS)http://semarc/title/350389 996 $6260$aMediolani :$bIn Regia Curia, apud Josephum Richinum Malatestam$9(OLS)http://semarc/publisher/55255